Anne of Windy Willows, (Record no. 233720)

000 -LEADER
fixed length control field 00620cam a2200193 4500
001 - CONTROL NUMBER
control field 284364
003 - CONTROL NUMBER IDENTIFIER
control field Nust
005 - DATE AND TIME OF LATEST TRANSACTION
control field 20170310121729.0
008 - FIXED-LENGTH DATA ELEMENTS--GENERAL INFORMATION
fixed length control field 731001s1966 at j 000 1 eng
010 ## - LIBRARY OF CONGRESS CONTROL NUMBER
LC control number 67080848
015 ## - NATIONAL BIBLIOGRAPHY NUMBER
National bibliography number Aus66-1426
020 ## - INTERNATIONAL STANDARD BOOK NUMBER
International Standard Book Number 9780140368000
040 ## - CATALOGING SOURCE
Original cataloging agency DLC
Transcribing agency DLC
Modifying agency DLC
050 00 - LIBRARY OF CONGRESS CALL NUMBER
Classification number PZ7.M768
Item number Ao
082 ## - DEWEY DECIMAL CLASSIFICATION NUMBER
Classification number 813.52
Author Mark MON
100 1# - MAIN ENTRY--PERSONAL NAME
Personal name Montgomery, L. M.
Fuller form of name (Lucy Maud),
Dates associated with a name 1874-1942.
245 10 - TITLE STATEMENT
Title Anne of Windy Willows,
Statement of responsibility, etc. by L. M. Montgomery.
260 ## - PUBLICATION, DISTRIBUTION, ETC.
Place of publication, distribution, etc. Sydney,
-- London [etc.]
Name of publisher, distributor, etc. Angus and Robertson
Date of publication, distribution, etc. 1966
300 ## - PHYSICAL DESCRIPTION
Extent 315 p.
Dimensions 19 cm.
650 ## - SUBJECT ADDED ENTRY--TOPICAL TERM
Topical term or geographic name entry element Teachers in motion pictures
Form subdivision Fiction
906 ## - LOCAL DATA ELEMENT F, LDF (RLIN)
a 7
b cbc
c orignew
d u
e opcn
f 19
g y-gencatlg
942 ## - ADDED ENTRY ELEMENTS (KOHA)
Source of classification or shelving scheme
Koha item type Book
Holdings
Withdrawn status Lost status Source of classification or shelving scheme Damaged status Not for loan Permanent Location Current Location Shelving location Date acquired Total Checkouts Full call number Barcode Checked out Date last seen Date last checked out Copy number Price effective from Koha item type
          Central Library (CL) Central Library (CL) Fiction 03/10/2017 2 813.52 MON CL1248 08/09/2025 07/10/2025 07/10/2025 1 03/10/2017 Book
© 2023 Central Library, National University of Sciences and Technology. All Rights Reserved.